Statistics for Christmas Hymn Lyrics #2

Click here to take the quiz!

General Stats

  • This quiz has been taken 244 times
  • The average score is 23 of 28

Answer Stats

Song #1% Correct
Silent {night}, holy {night},
99%
Sleep in heavenly {peace}.
97%
Sleep in heavenly {peace}
97%
The first Noel the {angels} did say
93%
All is {calm}, all is bright.
92%
Holy {infant} so tender and mild
92%
Round yon {virgin}, mother and child
92%
O little {town} of Bethlehem,
91%
We three kings of {Orient} are
91%
Bearing {gifts} we traverse afar
88%
On a cold {winter's} night that was so deep.
88%
Born is the king of {Israel}!
86%
In fields where they lay keeping their {sheep}
85%
{Noel}, {Noel}, {Noel}, {Noel}
81%
Was to certain poor {shepherds} in fields as they lay
81%
O star of {wonder}, star of night
79%
Following {yonder} star
77%
Field and {fountain}, moor and mountain
75%
Are met in thee {tonight}.
74%
{Westward} leading, still proceeding
73%
The everlasting {light}
72%
Star with {royal} beauty bright
71%
The {hopes} and fears of all the years
69%
The {silent} stars go by.
68%
Above thy deep and {dreamless} sleep
66%
Guide us to thy {perfect} light.
66%
How {still} we see thee lie
66%
Yet in thy {dark} streets shineth
66%

Score Distribution

Percentile by Number Answered

Percent of People with Each Score

Your Score History

You have not taken this quiz